The Language of Instant Messaging in English diplomová práca

Salvato in:
Dettagli Bibliografici
Autore principale: Halinkovičová, Dominika
Ente Autore: Fakulta aplikovaných jazykov EU v Bratislave. Katedra jazykovedy a translatológie
Altri autori: Lančarič, Daniel
Natura: Libro
Lingua:inglese
Pubblicazione: Bratislava 2015
Tags: Aggiungi Tag
Nessun Tag, puoi essere il primo ad aggiungerne!!

MARC

LEADER 00000nbm a2200000 4500
001 0201042
005 20170306144214.1
041 0 |a eng 
044 |a SK 
245 1 0 |a The Language of Instant Messaging in English  |b diplomová práca  |c Dominika Halinkovičová ; školiteľ: Daniel Lančarič 
264 1 |a Bratislava  |c 2015 
300 |a 54 s. 
100 1 |a Halinkovičová, Dominika 
700 1 |a Lančarič, Daniel 
710 2 |a Fakulta aplikovaných jazykov EU v Bratislave. Katedra jazykovedy a translatológie